| 000 -LEADER |
| fixed length control field |
01040cam a2200253 i 4500 |
| 001 - CONTROL NUMBER |
| control field |
17590736 |
| 005 - DATE AND TIME OF LATEST TRANSACTION |
| control field |
20180112050118.0 |
| 008 - FIXED-LENGTH DATA ELEMENTS--GENERAL INFORMATION |
| fixed length control field |
130115s2012 njua b 001 0 eng |
| 010 ## - LIBRARY OF CONGRESS CONTROL NUMBER |
| LC control number |
2012040159 |
| 020 ## - INTERNATIONAL STANDARD BOOK NUMBER |
| International Standard Book Number |
9780470259610 (cloth : acidfree paper) |
| 040 ## - CATALOGING SOURCE |
| Original cataloging agency |
DLC |
| Language of cataloging |
eng |
| Transcribing agency |
DLC |
| Description conventions |
rda |
| Modifying agency |
DLC |
| 041 ## - LANGUAGE CODE |
| Language code of text/sound track or separate title |
eng |
| 042 ## - AUTHENTICATION CODE |
| Authentication code |
pcc |
| 080 ## - UNIVERSAL DECIMAL CLASSIFICATION NUMBER |
| Universal Decimal Classification number |
660..2969 MIL |
| 082 00 - DEWEY DECIMAL CLASSIFICATION NUMBER |
| Classification number |
660..2969 MIL |
| Edition number |
23 |
| 100 1# - Rafti |
| Rafti |
29 |
| 101 ## - Shkurtesa |
| Shkurtesa |
ENG |
| 245 10 - TITLE STATEMENT |
| Title |
Engineering and chemical thermodynamics / |
| Statement of responsibility, etc |
Milo D. Koretsky, School of Chemical, Biological, and Environmental Engineering, Oregon State University. |
| 504 ## - BIBLIOGRAPHY, ETC. NOTE |
| Bibliography, etc |
Includes bibliographical references (pages 685-686) and index. |
| 776 08 - ADDITIONAL PHYSICAL FORM ENTRY |
| Display text |
Online version: |
| Main entry heading |
Koretsky, Milo D. |
| Title |
Engineering and chemical thermodynamics |
| Edition |
2nd edition. |
| Place, publisher, and date of publication |
Hoboken, NJ : John Wiley & Sons, Inc., [2013] |
| International Standard Book Number |
9781118476819 |
| Record control number |
(DLC) 2013002211 |
| 906 ## - LOCAL DATA ELEMENT F, LDF (RLIN) |
| a |
7 |
| b |
cbc |
| c |
orignew |
| d |
1 |
| e |
ecip |
| f |
20 |
| g |
y-gencatlg |
| 942 ## - ADDED ENTRY ELEMENTS (KOHA) |
| Source of classification or shelving scheme |
|
| Item type |
Books |